| 000 | 00477nam a2200205Ia 4500 | ||
|---|---|---|---|
| 003 | OSt | ||
| 005 | 20140312141804.0 | ||
| 008 | 140130s9999 xx 000 0 und d | ||
| 020 | _a0439130255 | ||
| 050 |
_aPZ 7 _b.B872Ta 2001 |
||
| 100 | _aBrooke, Laura | ||
| 245 |
_cLaura Brooke. _aTaking chances / |
||
| 260 |
_bScholastic, _c2001. _aNew York : |
||
| 300 |
_a175 p. : _c18 cm. |
||
| 440 | _v1 | ||
| 521 | _aG3 | ||
| 526 | _c550 | ||
| 942 |
_cBK _2lcc |
||
| 999 |
_c40633 _d40633 |
||